Largest Ethnicities in the Netherlands - Statistics

General Stats
  • This quiz has been taken 81 times
  • The average score is 25 of 36
Answer Stats
Number Country % Correct
100.000 United Kingdom
94%
345.000 Germany
91%
125.000 Belgium
89%
50.000 France
87%
65.000 India
87%
430.000 Turkey
87%
350.000 Indonesia
86%
420.000 Morocco
84%
55.000 Spain
84%
85.000 China
83%
50.000 United States
83%
70.000 Iraq
81%
220.000 Poland
81%
35.000 Russia
81%
40.000 Brazil
80%
25.000 Pakistan
80%
65.000 Italy
79%
125.000 Syria
79%
30.000 Portugal
77%
50.000 Iran
74%
30.000 Greece
71%
50.000 Romania
71%
30.000 Egypt
69%
360.000 Suriname
69%
30.000 South Africa
66%
40.000 Somalia
60%
25.000 Vietnam
60%
55.000 Afghanistan
59%
25.000 Philippines
56%
30.000 Ethiopia
53%
30.000 Hungary
50%
40.000 Bosnia & Herzegovina
40%
25.000 Ghana
39%
30.000* Aruba
30%
135.000* Curaçao
30%
25.000 Eritrea
30%
No matching quizzes found
Score Distribution
Percent of People with Each Score
Percentile by Number Answered
Your Score History
You have not taken this quiz